<?xml version="1.0" encoding="UTF-8"?>
<record
    xmlns:xsi="http://www.w3.org/2001/XMLSchema-instance"
    xsi:schemaLocation="http://www.loc.gov/MARC21/slim http://www.loc.gov/standards/marcxml/schema/MARC21slim.xsd"
    xmlns="http://www.loc.gov/MARC21/slim">

  <leader>01646cam a2200181 i 4500</leader>
  <controlfield tag="005">20250916120518.0</controlfield>
  <datafield tag="020" ind1=" " ind2=" ">
    <subfield code="a">9789353942205</subfield>
  </datafield>
  <datafield tag="082" ind1="0" ind2="0">
    <subfield code="a">658.3</subfield>
    <subfield code="b">DES</subfield>
  </datafield>
  <datafield tag="100" ind1="1" ind2=" ">
    <subfield code="a">Dessler, Gary</subfield>
    <subfield code="9">610</subfield>
  </datafield>
  <datafield tag="245" ind1="1" ind2="0">
    <subfield code="a">Human Resource Management </subfield>
  </datafield>
  <datafield tag="250" ind1=" " ind2=" ">
    <subfield code="a">16th ed.</subfield>
  </datafield>
  <datafield tag="260" ind1=" " ind2=" ">
    <subfield code="a">Noida :</subfield>
    <subfield code="b">Pearson India Education Services Pvt Ltd ;</subfield>
    <subfield code="c">2020</subfield>
  </datafield>
  <datafield tag="300" ind1=" " ind2=" ">
    <subfield code="a">xxxvii,750 pages :</subfield>
    <subfield code="b">color illustrations ;</subfield>
  </datafield>
  <datafield tag="505" ind1="0" ind2=" ">
    <subfield code="a">Introduction to human resource management -- Equal opportunity and the law -- Human resource management strategy and performance -- Recruitment, placement, and talent management -- Job analysis and the talent management process -- Personnel planning and recruiting -- Employee testing and selection -- Interviewing candidates -- Training and development -- Training and developing employees -- Performance management and appraisal -- Managing careers and retention -- Compensation -- Establishing strategic pay plans -- Pay for performance and financial incentives -- Benefits and services -- Enrichment topics in human resource management -- Building positive employee relations -- Labor relations and collective bargaining -- Safety, health, and risk management -- Managing global human resources -- Managing human resources in small and entrepreneurial firms -- Appendices -- Appendix A  HCRI's PHR and SPHR -- Certification body of knowledge -- Appendix B -- About the security for human resources management (SHRM) body of competency &amp; knowledge model and certification exams -- Comprehensive cases -- Glossary -- Name/ Organization index -- Subject index.</subfield>
  </datafield>
  <datafield tag="650" ind1=" " ind2="0">
    <subfield code="a">Personnel management.</subfield>
    <subfield code="9">611</subfield>
  </datafield>
  <datafield tag="700" ind1=" " ind2=" ">
    <subfield code="a">Varkkey, B</subfield>
    <subfield code="9">612</subfield>
  </datafield>
  <datafield tag="942" ind1=" " ind2=" ">
    <subfield code="c">BK</subfield>
  </datafield>
  <datafield tag="999" ind1=" " ind2=" ">
    <subfield code="c">5124</subfield>
    <subfield code="d">5124</subfield>
  </datafield>
  <datafield tag="952" ind1=" " ind2=" ">
    <subfield code="0">0</subfield>
    <subfield code="1">0</subfield>
    <subfield code="7">0</subfield>
    <subfield code="8">NFIC</subfield>
    <subfield code="a">IC</subfield>
    <subfield code="b">IC</subfield>
    <subfield code="c">GEN</subfield>
    <subfield code="d">2025-07-03</subfield>
    <subfield code="l">0</subfield>
    <subfield code="o">658.3 DES</subfield>
    <subfield code="p">007647</subfield>
    <subfield code="r">2025-07-11 17:16:36</subfield>
    <subfield code="w">2025-07-11</subfield>
    <subfield code="y">BK</subfield>
  </datafield>
</record>
